00441nam a2200157Ia 450000100060000000800410000602000150004704000130006208200190007510000210009424500860011526000450020130000110024654600070025765000190026444718140428s9999 xx 000 0 und d a007881930X cPK-LaUMT a 004.76bDON-B aDonovan, Jeffrey aBuilding a better mouse trapba programmer's guide to the mousecDonovan, Jeffrey aBereley,USA:bOsborne McGraw-Hill,c1992 a548 p. aEN aComputer mouse